000 00831nam a22002177a 4500
999 _c61518
_d61518
005 20251125233055.0
008 s2552 th tha d
020 _a9789742887667
040 _aNALT
041 _atha
090 _aKC21 อ262ค 2552
100 0 _aอภิรัตน์ เพ็ชรศิริ
245 1 0 _aความรู้พื้นฐานภาษาอังกฤษกฎหมายสำหรับนักกฎหมายไทย
260 3 _aกรุงเทพฯ :
_bวิญญูชน,
_c2552
300 _a152 หน้า ;
_b 26 ซม.
650 0 4 _aภาษากฎหมาย
850 _aNALT
856 4 0 _uhttps://hdl.handle.net/20.500.14156/302094
_71
942 _cLB
_2lcc